Quick Pick: 'E' Movies Quiz Stats

Quiz Updated May 15, 2016

Challenge
Share
Tweet
Embed
Score 0/20 Timer 01:30
0 Plays Today
% Correct
Edward
95.6%
Escape
94.8%
Eat
94.4%
Empire
94.4%
Eight
94.3%
Erin
94%
Emperor's
93.4%
Extremely
93.2%
Evan
93.1%
Employee
92.2%
% Correct
Elephant
91.5%
Eternal
90.9%
Ernest
90.8%
Evil
90%
Enemy
89.3%
Exorcism
89.2%
Epic
86.9%
Enter
85.2%
Exit
84.4%
Eagle
77.5%

Today's Daily Dose

You're not logged in!

Compare scores with friends on all Sporcle quizzes.
Join for Free
OR
Log In

You Might Also Like...

Show Comments

Extras

Top Quizzes Today


Score Distribution

Your Account Isn't Verified!

In order to create a playlist on Sporcle, you need to verify the email address you used during registration. Go to your Sporcle Settings to finish the process.

Report this User

Report this user for behavior that violates our Community Guidelines.

Details: